Carceri d'invenzione

Furkejuvvon:
Bibliográfalaš dieđut
Váldodahkki: Tornabuoni Lorenzo
Materiálatiipa: Girji
Giella:meroštallameahttun
Almmustuhtton: Roma Gremese 1990
Fáddágilkorat: Lasit fáddágilkoriid
Eai fáddágilkorat, Lasit vuosttaš fáddágilkora!

MARC

LEADER 00000nam a2200000Ia 4500
001 792
003 NUMERAZIONE-ORIGINALE-BRESCIA
005 20260206230754.0
008 260206s9999 xx 000 0 und d
100 |a Tornabuoni Lorenzo 
245 0 |a Carceri d'invenzione 
260 |a Roma 
260 |b Gremese 
260 |c 1990 
500 |a Gli spilli 
942 |2 ddc  |c BK  |n 0 
952 |0 0  |1 0  |2 ddc  |4 0  |6 15  |7 0  |9 28676  |a BS  |b BS  |d 2026-02-06  |i 792  |l 0  |o 1-5-*  |r 2026-02-06 22:40:40  |w 2026-02-06  |x [REVISIONARE]  |y BK 
999 |c 24334  |d 24334